[Event "Rutas de Cuenca op 6th"]
[Site "Cuenca"]
[Date "2019.07.21"]
[Round "7"]
[White "Camacho Marin, Rafael"]
[Black "Sanchez Sanchez, Miguel Angel"]
[Result "1-0"]
[WhiteElo "1401"]
[BlackElo "1416"]
[PlyCount "61"]
[EventDate "2019.07.19"]
[EventType "swiss"]
[EventRounds "7"]
[EventCountry "ESP"]
[SourceTitle "CBM 195 Extra"]
[Source "ChessBase"]
[SourceDate "2020.05.31"]
[SourceVersion "1"]
[SourceVersionDate "2020.05.31"]
[SourceQuality "1"]

1. Nf3 Nf6 2. g3 d5 3. Bg2 Bf5 4. d4 e6 5. 0-0 Be7 6. Nc3 0-0 7. Bf4 Nbd7 8. Re1 a6 9. a3 c5 10. Rb1 Rc8 11. dxc5 Nxc5 12. Nd4 Bg6 13. f3 Ncd7 14. Nb3 Nc5 15. Nd4 Re8 16. e4 dxe4 17. fxe4 Nfd7 18. e5 Bg5 19. b4 Na4 20. Nxa4 b5 21. Nb2 Bxf4 22. gxf4 Qh4 23. f5 exf5 24. Nf3 Qe7 25. Qd6 Qxd6 26. exd6 Rxe1+ 27. Nxe1 Rxc2 28. Nxc2 f4 29. Rc1 Ne5 30. Nd4 Kf8 31. Rc8# 1-0

[Event "Rutas de Cuenca op 6th"]
[Site "Cuenca"]
[Date "2019.07.21"]
[Round "6"]
[White "Gonzalez Lopez, Francisco Jesus"]
[Black "Camacho Marin, Rafael"]
[Result "0-1"]
[WhiteElo "1433"]
[BlackElo "1401"]
[PlyCount "86"]
[EventDate "2019.07.19"]
[EventType "swiss"]
[EventRounds "7"]
[EventCountry "ESP"]
[SourceTitle "CBM 195 Extra"]
[Source "ChessBase"]
[SourceDate "2020.05.31"]
[SourceVersion "1"]
[SourceVersionDate "2020.05.31"]
[SourceQuality "1"]

1. d4 Nf6 2. Bf4 d6 3. e3 Nc6 4. Nd2 b6 5. c4 e5 6. dxe5 dxe5 7. Bg5 Be7 8. Ngf3 Bb7 9. Qc2 0-0 10. a3 Re8 11. Be2 e4 12. Nh4 h6 13. Bxf6 Bxf6 14. Nf5 Na5 15. 0-0 Qd7 16. Bg4 Qd3 17. Qxd3 exd3 18. Rab1 Ba6 19. Rfc1 Bc8 20. h3 h5 21. Bf3 Bxf5 22. Bxa8 Rxa8 23. b4 Nc6 24. c5 Ne7 25. e4 Be6 26. Re1 Rd8 27. e5 Bg5 28. Rb2 bxc5 29. bxc5 Rd5 30. Kh2 Rxc5 31. Ne4 Rxe5 32. f3 f5 33. Rb8+ Bc8 34. g3 fxe4 35. f4 Bxf4 36. gxf4 Re6 37. Re3 Kh7 38. Rb5 d2 39. Rb1 Nf5 40. Reb3 e3 41. Rb5 e2 42. Rxf5 e1Q 43. Rxh5+ Kg8 0-1

[Event "Rutas de Cuenca op 6th"]
[Site "Cuenca"]
[Date "2019.07.20"]
[Round "4"]
[White "Camacho Marin, Rafael"]
[Black "Loro Garcia De Leon, Jose Juan"]
[Result "0-1"]
[WhiteElo "1401"]
[BlackElo "1274"]
[PlyCount "150"]
[EventDate "2019.07.19"]
[EventType "swiss"]
[EventRounds "7"]
[EventCountry "ESP"]
[SourceTitle "CBM 195 Extra"]
[Source "ChessBase"]
[SourceDate "2020.05.31"]
[SourceVersion "1"]
[SourceVersionDate "2020.05.31"]
[SourceQuality "1"]

1. e4 c5 2. Nf3 d6 3. d4 cxd4 4. Qxd4 Nc6 5. Qe3 Bg4 6. Be2 e5 7. h3 Bxf3 8. Bxf3 Nd4 9. Qc3 Rc8 10. Qd3 Nxc2+ 11. Ke2 Nxa1 12. Bg4 Rc6 13. Nc3 Qb6 14. Rd1 Nf6 15. Nd5 Nxd5 16. exd5 Rc2+ 17. Rd2 Rxd2+ 18. Qxd2 Qb5+ 19. Qd3 Qxd3+ 20. Kxd3 g6 21. Bd1 Bg7 22. Ba4+ Ke7 23. Bg5+ f6 24. Be3 b6 25. Kd2 Rc8 26. Bc6 f5 27. Kc1 e4 28. Kb1 Nb3 29. axb3 Rxc6 30. dxc6 Kd8 31. b4 b5 32. Bxa7 Kc7 33. Kc2 Kxc6 34. b3 d5 35. Bc5 Kd7 36. f3 exf3 37. gxf3 Ke6 38. Kd3 Be5 39. Ke3 Bd6 40. Kd3 Be5 41. Ke3 g5 42. Kd3 h5 43. Ke3 f4+ 44. Kd3 Kf5 45. Ke2 Bf6 46. Bf2 Ke6 47. Kd3 Kd7 48. Bc5 Kc6 49. Bf2 Be7 50. Be1 Bf6 51. Bf2 Kd6 52. Ke2 Ke6 53. Be1 Ke5 54. Kd3 Kf5 55. Ke2 g4 56. hxg4+ hxg4 57. fxg4+ Kxg4 58. Kf2 Bh4+ 59. Ke2 Bxe1 60. Kxe1 Kg3 61. Kf1 d4 62. Ke2 Kg2 63. Kd3 f3 64. Kxd4 f2 65. Kc5 f1Q 66. Kb6 Kf2 67. Kc5 Ke1 68. Kb6 Kd2 69. Ka5 Kc3 70. Ka6 Kxb4 71. Ka7 Qf6 72. Ka8 Kc5 73. b4+ Kc6 74. Ka7 Qd4+ 75. Ka8 Kb6 0-1

[Event "Rutas de Cuenca op 6th"]
[Site "Cuenca"]
[Date "2019.07.20"]
[Round "5"]
[White "Otero Gumiel, Monica"]
[Black "Camacho Marin, Rafael"]
[Result "1-0"]
[WhiteElo "1164"]
[BlackElo "1401"]
[PlyCount "63"]
[EventDate "2019.07.19"]
[EventType "swiss"]
[EventRounds "7"]
[EventCountry "ESP"]
[SourceTitle "CBM 195 Extra"]
[Source "ChessBase"]
[SourceDate "2020.05.31"]
[SourceVersion "1"]
[SourceVersionDate "2020.05.31"]
[SourceQuality "1"]

1. e4 d6 2. Nc3 Nf6 3. Nf3 g6 4. Bc4 Nxe4 5. Bxf7+ Kxf7 6. Nxe4 Bg7 7. Nfg5+ Ke8 8. 0-0 Nc6 9. c3 Bf5 10. Qf3 Ne5 11. Qf4 Bh6 12. d4 Nd3 13. Qe3 Nxc1 14. Raxc1 Bxe4 15. Qxe4 Bxg5 16. f4 Bf6 17. Rce1 d5 18. Qe6 Qd6 19. Qg4 Qd7 20. Re6 Rd8 21. f5 Rg8 22. Rfe1 Kf7 23. Qh3 Rh8 24. Qg4 Qb5 25. fxg6+ hxg6 26. Rxe7+ Bxe7 27. Qe6+ Kg7 28. Qxe7+ Kh6 29. Qh4+ Kg7 30. Re7+ Kg8 31. Qf6 Rh7 32. Qxg6+ 1-0